000 00505pam a2200193 a 4500
020 _c
040 _aMedical Collge Libr
041 _aENG
_hENG
082 _a658
_bTHU
100 _aThurbin , Patrick J. .
245 _aImplementing the Learning Organisation The 17 Day Programme /
_c
_hTextual Documents
260 _a :
_bPitman pub. ,
_c1994.
300 _a826 ;
_c
365 _a50.00
653 _aGenarl Book
930 _a6142
999 _c6141
_d6141